00335 2200145 4500001002100000005001500021035002000036245003300056100001800089300001200107260003600119082000800155084001400163990001200177INLIS00000000000239020250528115641 a0010-05250006821 aHati Wanita /cKahlil Gibran0 aKahlil Gibran a127 hlm aYogyakarta :bDiva Press,c2004 a813 a813 KAH h a0712663